Gramática castellana (Record no. 23266)

MARC details
000 -LEADER
campo de control de longitud fija 00805nam a2200229 i 4500
001 - NÚMERO DE CONTROL
campo de control 23266
003 - IDENTIFICADOR DE NÚMERO DE CONTROL
campo de control ES-MaACL
005 - FECHA Y HORA DE LA ÚLTIMA TRANSACCIÓN
campo de control 20251108163133.0
007 - CAMPO FIJO DE DESCRIPCIÓN FÍSICA--INFORMACIÓN GENERAL
campo de control de longitud fija t|
008 - DATOS DE LONGITUD FIJA--INFORMACIÓN GENERAL
campo de control de longitud fija 021209s1958 ag |||| | spa d
080 ## - NÚMERO DE LA CLASIFICACIÓN DECIMAL UNIVERSAL
Número de la Clasificación Decimal Universal 811.134.2'36
100 1# - ENTRADA PRINCIPAL--NOMBRE DE PERSONA
Nombre de persona Alonso, Amado.
9 (RLIN) 20182
245 10 - MENCIÓN DEL TÍTULO
Título Gramática castellana
Resto del título : segundo curso : manual adaptado a los programas vigentes en la Enseñanza Secundaria /
Mención de responsabilidad, etc. Amado Alonso, Pedro Henríquez Ureña.
250 ## - MENCION DE EDICION
Mención de edición 16ª ed.
260 ## - PUBLICACIÓN, DISTRIBUCIÓN, ETC.
Lugar de publicación, distribución, etc. Buenos Aires :
Nombre del editor, distribuidor, etc. Losada,
Fecha de publicación, distribución, etc. [1958] (
Fabricante Sebastián Amorrorter)
300 ## - DESCRIPCIÓN FÍSICA
Extensión 239 p. ;
Dimensiones 19 cm.
650 #4 - PUNTO DE ACCESO ADICIONAL DE MATERIA--TÉRMINO DE MATERIA
Término de materia o nombre geográfico como elemento de entrada Lengua española-
Subdivisión general Gramática.
9 (RLIN) 14161
650 #4 - PUNTO DE ACCESO ADICIONAL DE MATERIA--TÉRMINO DE MATERIA
Término de materia o nombre geográfico como elemento de entrada Lengua española-
Subdivisión de forma Libros escolares.
9 (RLIN) 143619
700 ## - ENTRADA AGREGADA--NOMBRE PERSONAL
Nombre de persona Henríquez Ureña, Pedro,
Fechas asociadas al nombre 1884-1946
9 (RLIN) 176516
852 ## - LOCALIZACIÓN
Ubicación ES-MaACL
Número de control de estantería C-20816
Holdings
Estatus retirado Estado de pérdida Estado de daño No para préstamo Biblioteca de origen Biblioteca actual Ubicación en estantería Fecha de adquisición Fuente de adquisición Total de préstamos Signatura topográfica completa Código de barras Visto por última vez Precio de reemplazo Tipo de ítem Koha
        Biblioteca del Ateneo de Madrid Biblioteca del Ateneo de Madrid Galería 17/01/2008     C-20816 1023971 23/02/2023 23/02/2023 Libro impreso